| 000 | 00000nam##2200000za#4500 |
| 001 | 9.605997 |
| 003 | CaOODSP |
| 005 | 20210624212413 |
| 007 | cr ||||||||||| |
| 008 | 150406|2005||||xxc|||||o f|0| 0 fre|d |
| 040 | |aCaOODSP|bfre |
| 043 | |an-cn--- |
| 086 | 1 |aBT31-2/2006-III-119F-PDF |
| 110 | 1 |aCanada. |bConseil du trésor. |
| 245 | 10|aAgence de gestion des ressources humaines de la fonction publique du Canada |h[ressource électronique] |
| 260 | |aOttawa - Ontario : |bSecrétariat du Conseil du Trésor du Canada |c2005. |
| 300 | |a51p.|bfigure, organigramme, références, tableaux, photographies |
| 490 | 1 |aBudget des dépenses 2005-2006. Partie III, Rapport sur les plans et les priorités |
| 590 | |a13-19-Supp|b2013-08-14 |
| 775 | 08|tPublic Service Human Resources Management Agency of Canada |w(CaOODSP)9.577190 |
| 776 | 0#|tPublic Service Human Resources Management Agency of Canada |w(CaOODSP)9.540978 |
| 776 | 0#|tAgence de gestion des ressources humaines de la fonction publique du Canada |w(CaOODSP)9.540979 |
| 830 | #0|aBudget des dépenses 2005-2006. Partie III, Rapport sur les plans et les priorités.|w(CaOODSP)9.501323 |
| 856 | 40|ahttp://publications.gc.ca|qPDF|s412 Ko|uhttps://publications.gc.ca/collections/Collection/BT31-2-2006-III-119F.pdf |